| 000 | 01486nam a2200361 a 4500 | ||
|---|---|---|---|
| 001 | ebr10516614 | ||
| 003 | CaPaEBR | ||
| 006 | m u | ||
| 007 | cr cn||||||||| | ||
| 008 | 041104s1985 nyua s 000 0 eng d | ||
| 010 | _z 2004559582 | ||
| 020 | _z9781563473074 | ||
| 020 | _z9781600867866 (e-book) | ||
| 040 |
_aCaPaEBR _cCaPaEBR |
||
| 035 | _a(OCoLC)792703769 | ||
| 050 | 1 | 4 |
_aTL589.4 _b.D76 1985eb |
| 100 | 1 | _aDroste, Carl S. | |
| 245 | 1 | 2 |
_aA case study on the F-16 fly-by-wire flight control system _h[electronic resource] / _cby Carl S. Droste and James E. Walker. |
| 246 | 1 | 4 | _aGeneral Dynamics case study on the F-16 fly-by-wire flight control system |
| 260 |
_a[New York] : _bAmerican Institute of Aeronautics and Astronautics, _c[1985?] |
||
| 300 |
_avi, 113 p. : _bill. |
||
| 490 | 1 | _aAIAA professional study series | |
| 533 |
_aElectronic reproduction. _bPalo Alto, Calif. : _cebrary, _d2013. _nAvailable via World Wide Web. _nAccess may be limited to ebrary affiliated libraries. |
||
| 650 | 0 | _aFlight control. | |
| 650 | 0 | _aF-16 (Jet fighter plane) | |
| 650 | 0 |
_aAirplanes _xControl systems. |
|
| 655 | 7 |
_aElectronic books. _2local |
|
| 700 | 1 | _aWalker, James E. | |
| 710 | 2 | _aAmerican Institute of Aeronautics and Astronautics. | |
| 710 | 2 | _aebrary, Inc. | |
| 830 | 0 | _aAIAA professional study series. | |
| 856 | 4 | 0 |
_uhttp://site.ebrary.com/lib/rucke/Doc?id=10516614 _zAn electronic book accessible through the World Wide Web; click to view |
| 999 |
_c121147 _d121147 |
||